000 00829nam a2200265Ia 4500
003 OSt
005 20220927120057.0
006 a|||||r|||| 00| 0
007 ta
008 220926b |||||||| |||| 00| 0 eng d
020 _c150.00
024 _a67185
037 _b"2613, 31/08/1987, Modern"
_cReference Collections
040 _aRTL
_cRTL
_beng
041 _2eng
_aeng
082 _a"X655.2.N8, M7 (RR)"
100 _aPuri V K
_9391499
245 0 _aNABHI'S MANUAL for Indian residents abroad
260 _aNew
_bDelhi Nabhi Publishers India
_c1987
300 _a516p
_ccm.
650 _aForeign Investment
700 _a Malhotra S C
_9391500
942 _h"X655.2.N8, M7 (RR)"
_cCC
999 _c707203
_d707203